| 000 | 01264nam a2200313 a 4500 | ||
|---|---|---|---|
| 999 |
_c3540 _d3540 |
||
| 003 | OSt | ||
| 005 | 20240220100813.0 | ||
| 008 | 120514s2012 nyua j 000 1 eng d | ||
| 020 | _a9781423140573 | ||
| 040 |
_aICrlF _cICrlF _dICrlF _dKyLxBWI _dCaOL _dKH8 |
||
| 082 | _aFIC RIO | ||
| 100 | 1 |
_aRiordan, Rick, _eauthor. |
|
| 245 | 1 | 4 |
_aThe serpent's shadow / _cRick Riordan. |
| 260 |
_aNew York : _bDisney/Hyperion Books, _cc2012. |
||
| 300 |
_aviii, 406 p. : _bill. ; _c22 cm. |
||
| 490 | 1 |
_aKane chronicles ; _vbk. 3 |
|
| 520 | _aWhen Apophis, the chaos snake, threatens to plunge the world into eternal darkness, siblings Carter and Sade Kane plan to use an ancient spell to destroy the snake, but first must rely on the murderous ghost of a powerful magician. | ||
| 650 | 0 |
_aKane, Carter (Fictitious character) _vJuvenile fiction. |
|
| 650 | 0 |
_aSnakes _vJuvenile fiction. |
|
| 650 | 0 |
_aSiblings _vJuvenile fiction. |
|
| 650 | 0 |
_aMagic _vJuvenile fiction. |
|
| 650 | 0 |
_aMythology, Egyptian _vJuvenile fiction. |
|
| 650 | 0 |
_aVoyages and travels _vJuvenile fiction. |
|
| 650 | 0 |
_aSecrecy _vJuvenile fiction. |
|
| 650 | 7 |
_aAction and adventure fiction. _2genre. |
|
| 650 | 7 |
_aFantasy fiction. _2genre. |
|
| 830 | 0 |
_aKane chronicles ; _vbk. 3 |
|
| 942 |
_2ddc _cFIC |
||